Zwierzęta Arktyki - ZDJĘCIA - Statystyki

Ogólne statystyki
  • Ten quiz został rozwiązany 902 razy
  • Średni wynik to 9 z 16
Statystyki odpowiedzi
Obrazkowy Odpowiedź % Poprawnych
Foka
100%
Niedźwiedź polarny
98%
Mors arktyczny
97%
Orka oceaniczna
95%
Wilk polarny
84%
Zając bielak
83%
Lis polarny
74%
Renifer tundrowy
72%
Maskonur zwyczajny
39%
Puchacz śnieżny (sowa śnieżna)
35%
Mirunga (słoń morski)
34%
Piżmowół arktyczny
24%
Lampart morski (amfitryta lamparcia)
20%
Leming
20%
Nurzyk zwyczajny
5%
Rybitwa popielata
3%
Nie znaleziono quizów pasujących do podanych kryteriów
Rozkład punktacji
Procent ludzi z każdym wynikiem
Percentyl według liczby udzielonych odpowiedzi
Twoja historia wyników
Nie rozwiązałeś tego quizu